Μια παιδαγωγική ένα σχολείο για όλα τα παιδιά : σύγχρονες αντιλήψεις αγωγής και εκπαίδευσης των παιδιών με εμπόδια στη ζωή και στη μάθηση

Αποθηκεύτηκε σε:
Λεπτομέρειες βιβλιογραφικής εγγραφής
Κύριος συγγραφέας: Κυπριωτάκης, Αντώνης Β.
Μορφή: Βιβλίο
Γλώσσα:Greek
Δημοσίευση: Αθήνα : Ελληνικά Γράμματα, 2001.
Θέματα:
Ετικέτες: Προσθήκη ετικέτας
Δεν υπάρχουν, Καταχωρήστε ετικέτα πρώτοι!

MARC

LEADER 00000cam a2200000 i 4500
001 1/87526
008 080603s2001 gr | ||| |||| ||gre||
020 |a 9603937142 
035 |l 10097894 
040 |a GR-MyUA  |b gre  |e AACR2 
041 0 |a gre 
082 7 |a 371.9   |2 (22) 
100 1 |a Κυπριωτάκης, Αντώνης Β. 
245 1 0 |a Μια παιδαγωγική ένα σχολείο για όλα τα παιδιά :   |b σύγχρονες αντιλήψεις αγωγής και εκπαίδευσης των παιδιών με εμπόδια στη ζωή και στη μάθηση /   |c Αντώνης Β. Κυπριωτάκης.  
260 |a Αθήνα :   |b Ελληνικά Γράμματα,   |c 2001.  
300 |a 132 σ. ;   |c 24 εκ.  
504 |a Περιέχει βιβλιογραφικές αναφορές και ευρετήριο.  
650 0 0 |a Handicapped children  |x Education. 
650 0 0 |a Mainstreaming in education. 
650 0 0 |a Educational equalization. 
852 |a INST  |b SAMOS  |e 20080603  |h 371.9 ΚΥΠ  |p 005300030256  |q 005300030256  |t BK  |y 0 
901 |a BIBL3-2008-2 
909 |a Σ  |b 141535 
922 |a 3ΕΛΗ  |b 200711  |c ΕΠΕΑΕΚ2/ΤΜΗΜΑ ΜΑΘΗΜΑΤΙΚΩΝ  |d ΠΑΤΑΚΗΣ 
970 |a ΡΟΥΣΣΟΥ  |b ΚΩΝΣΤΑΝΤΙΝΑ  |z 2008/06/03